000 01016nam a2200289Ia 4500
001 Para_417
003 CHAP
008 220125s2000 xx 000 0 und d
010 _a199172
040 _cCHAP
090 _aPA TESIS 1446
100 _aMacías Corral, Azucena
_969417
245 _aControl de la pudrición de plántulas causada por Phytophthora cryptogea Pethybr y Lafferty en el cultivo de crisantemo (Chrysanthemum morifolium Ram.) por Azucena Macías Corral
260 _aChapingo, Méx. :
_b el autor
300 _a50 h.
502 _aTesis (Ing. Agr. Esp. en Parasitología Agrícola) -- UACh. Departamento Parasitología Agrícola
650 _aCrisantemo
_x enfermedades
_928949
650 _aHongos fitopatógenos
_956132
710 _aUACh. Departamento Parasitología Agrícola
_9164025
901 _aPA TESIS 1446
902 _aA
905 _a0000002000 ai 0000000000 00
910 _a2000
942 _cPARA
942 _cPARA
_d1
999 _c199172
_d199172